| 000 | 00674nam a2200217Ia 4500 | ||
|---|---|---|---|
| 003 | GCL | ||
| 008 | 140319s9999 xx 000 0 ara d | ||
| 040 |
_aGCL / _cGCL |
||
| 082 | 0 | 4 |
_a029.7 _bن و |
| 100 | 1 | _aناهد حمدى احمد | |
| 245 | 1 | 0 |
_aالوثائق ونظم التصوير الميكروفيلمى / _cناهد حمدى احمد |
| 260 |
_a[S.N] : _bالمكتبة الاكاديمية ، _c1991 |
||
| 300 | _a308 ص | ||
| 490 | _a | ||
| 650 | 0 | 4 | _aالوثائق |
| 650 | 0 | 4 | _aالميكروفيلم |
| 650 | 0 | 4 | _aالتصوير المجهرى |
| 650 | 0 | 4 | _aالميكروفيش |
| 650 | 0 | 4 | _aالمصغرات الفيلمية |
| 942 |
_2ddc _cBK |
||
| 999 |
_c53242 _d53242 |
||